[Event "Sparkassen-Open A"]
[Site "Heusenstamm, Martinsee"]
[Date "2022.11.18"]
[Round "3.53"]
[White "Schröder, Jürgen"]
[Black "Busch, Malte"]
[Result "1-0"]
[WhiteElo "2025"]
[BlackElo "1823"]
[PlyCount "79"]
[EventDate "2022.??.??"]
[WhiteTeam "SC Matt im Park Ffm"]
[BlackTeam "SC 1979 Hattersheim"]

1. e4 Nf6 2. d3 e5 3. Nf3 d5 4. exd5 Qxd5 5. Nc3 Bb4 6. Bd2 Bxc3 7. Bxc3 O-O 8.
Be2 Nc6 9. O-O Bg4 10. Re1 e4 11. dxe4 Qxd1 12. Bxd1 Rfe8 13. Nd2 Bxd1 14.
Raxd1 Rad8 15. f3 b5 16. Nf1 Nd7 17. b3 a5 18. Ne3 Nb6 19. a3 f6 20. Kf2 Kf7
21. Rxd8 Rxd8 22. Rd1 Rxd1 23. Nxd1 b4 24. axb4 a4 25. bxa4 Nxa4 26. Bd2 Ke6
27. Ke3 Ne5 28. h3 Nc4+ 29. Kd3 Nab6 30. Bc3 g6 31. Bd4 Ne5+ 32. Bxe5 Kxe5 33.
Ne3 Nd7 34. Nd5 c6 35. f4+ Kd6 36. Ne3 g5 37. g3 Nf8 38. Nc4+ Kc7 39. fxg5 fxg5
40. Kd4 1-0

[Event "Sparkassen-Open A"]
[Site "Heusenstamm, Martinsee"]
[Date "2022.11.18"]
[Round "3.54"]
[White "Blomer, Moritz"]
[Black "von Auer, Ulrich"]
[Result "0-1"]
[WhiteElo "1614"]
[BlackElo "2025"]
[PlyCount "84"]
[EventDate "2022.??.??"]
[WhiteTeam "SG Porz"]
[BlackTeam "SV Oberursel"]

1. Nf3 Nf6 2. g3 d5 3. Bg2 e6 4. O-O Be7 5. d4 O-O 6. c4 dxc4 7. Nc3 Nc6 8. e4
Rb8 9. Bg5 h6 10. Bxf6 Bxf6 11. e5 Be7 12. Qd2 Nb4 13. h4 Bd7 14. Rad1 Bc6 15.
a3 Nd5 16. Ne4 f5 17. Nc3 b5 18. Ne2 Rf7 19. h5 Rf8 20. Nf4 Nxf4 21. Qxf4 Qe8
22. g4 fxg4 23. Qxg4 Bd5 24. Ne1 Rf5 25. Bxd5 Rg5 26. Bxe6+ Kh8 27. Qxg5 Bxg5
28. Bg4 b4 29. f4 Be7 30. axb4 Bxb4 31. f5 c5 32. Ng2 cxd4 33. Nh4 Bc5 34. f6
d3+ 35. Kh1 Qc6+ 36. Kh2 Rxb2+ 37. Kh3 Qe4 38. f7 Rh2+ 39. Kxh2 Qxg4 40. Ng6+
Kh7 41. f8=N+ Kg8 42. e6 Bd6+ 0-1

[Event "Sparkassen-Open A"]
[Site "Heusenstamm, Martinsee"]
[Date "2022.11.18"]
[Round "3.55"]
[White "Calvi, Stefan"]
[Black "Meuer, David"]
[Result "0-1"]
[WhiteElo "2016"]
[BlackElo "1793"]
[PlyCount "66"]
[EventDate "2022.??.??"]
[WhiteTeam "SV Oberursel"]
[BlackTeam "SV Lahnstein"]

1. e4 e6 2. Nf3 d5 3. e5 c5 4. b4 cxb4 5. a3 Qa5 6. Bb2 Nc6 7. axb4 Qxb4 8. Qc1
Nh6 9. Nc3 Bc5 10. Na4 Be7 11. Be2 O-O 12. O-O Qa5 13. Nc3 Qb6 14. Ba3 a6 15.
Bxe7 Nxe7 16. Qa3 Qd8 17. Nb5 Bd7 18. Nd6 Bc6 19. Rfb1 Qd7 20. d4 Nhf5 21. Nxf5
Nxf5 22. Bd3 Ne7 23. h4 f6 24. exf6 Rxf6 25. Re1 Raf8 26. Re2 h6 27. Rae1 Bb5
28. Bxb5 axb5 29. Ne5 Qc7 30. g3 Nc6 31. Nxc6 bxc6 32. Qc5 Rxf2 33. Re5 Qf7 0-1

[Event "Sparkassen-Open A"]
[Site "Heusenstamm, Martinsee"]
[Date "2022.11.18"]
[Round "3.56"]
[White "Kempe, Caius Emilian"]
[Black "Nickel, Jonas"]
[Result "1/2-1/2"]
[WhiteElo "2001"]
[BlackElo "1771"]
[PlyCount "72"]
[EventDate "2022.??.??"]
[WhiteTeam "USV TU Dresden"]
[BlackTeam "SD Büdingen-Wächtersbach"]

1. d4 d5 2. c4 c6 3. Nc3 Nf6 4. Nf3 e6 5. cxd5 exd5 6. Bg5 Be7 7. Qc2 O-O 8. e3
Nbd7 9. Bd3 Re8 10. O-O Nf8 11. Rab1 Bg4 12. Nd2 Bh5 13. b4 Bg6 14. Rfc1 Rc8
15. a3 h6 16. Bh4 Bxd3 17. Qxd3 Ng6 18. Bg3 h5 19. h3 Bd6 20. Bxd6 Qxd6 21. Nb3
Nd7 22. Na4 Nh4 23. Nac5 b6 24. Nxd7 Qxd7 25. a4 Re6 26. g3 Rg6 27. Qf1 Qf5 28.
Nd2 Nf3+ 29. Nxf3 Qxf3 30. Qg2 Qe2 31. h4 Qa2 32. Ra1 Qb3 33. Rcb1 Qc2 34. Rc1
Qb3 35. Rcb1 Qc2 36. Rc1 Qb3 1/2-1/2

[Event "Sparkassen-Open A"]
[Site "Heusenstamm, Martinsee"]
[Date "2022.11.18"]
[Round "3.57"]
[White "Werner, Florin"]
[Black "Hoppstädter, Daniel"]
[Result "1-0"]
[WhiteElo "1669"]
[BlackElo "1934"]
[PlyCount "67"]
[EventDate "2022.??.??"]
[WhiteTeam "VSG 1880 Offenbach"]
[BlackTeam "SC Illingen"]

1. e4 c6 2. d4 d5 3. e5 Bf5 4. Nf3 e6 5. Bd3 Ne7 6. O-O Nd7 7. c3 Bxd3 8. Qxd3
Nf5 9. Re1 Be7 10. Nbd2 O-O 11. Nf1 Qc7 12. Ng3 Nxg3 13. hxg3 c5 14. Ng5 g6 15.
g4 Kg7 16. f4 Bxg5 17. fxg5 cxd4 18. cxd4 Rac8 19. Bd2 Qb6 20. Bc3 Rc6 21. Qh3
Rfc8 22. Re2 a5 23. Rf1 Nf8 24. Ref2 R8c7 25. Qh6+ Kg8 26. Qh3 Qa7 27. Qd3 Rc4
28. Qd2 b6 29. Rf6 b5 30. Bxa5 Rxd4 31. Qf2 Rb7 32. Bb6 Qxb6 33. Rxf7 Rf4 34.
Rxb7 1-0

[Event "Sparkassen-Open A"]
[Site "Heusenstamm, Martinsee"]
[Date "2022.11.18"]
[Round "3.58"]
[White "Richter, Gerald"]
[Black "Schellen, Sven"]
[Result "1-0"]
[WhiteElo "2006"]
[BlackElo "1789"]
[PlyCount "41"]
[EventDate "2022.??.??"]
[WhiteTeam "Siegener SV 1878"]
[BlackTeam "SV Frankfurt Nord 1926"]

1. d4 d5 2. Nf3 c5 3. c3 e6 4. g3 Nc6 5. Bg2 Be7 6. O-O Nf6 7. Nbd2 O-O 8. b3
Ne4 9. Bb2 f5 10. e3 b6 11. Nxe4 fxe4 12. Nd2 cxd4 13. exd4 e5 14. c4 Ba6 15.
dxe5 Bc5 16. a3 Rxf2 17. Rxf2 Qg5 18. Nxe4 dxe4 19. Qd5+ Kh8 20. Qxc6 Rf8 21.
Qxc5 1-0

[Event "Sparkassen-Open A"]
[Site "Heusenstamm, Martinsee"]
[Date "2022.11.18"]
[Round "3.59"]
[White "Abdo, Alan"]
[Black "Li, Maxim"]
[Result "0-1"]
[WhiteElo "1686"]
[BlackElo "1966"]
[PlyCount "88"]
[EventDate "2022.??.??"]
[WhiteTeam "SC Listiger Bauer Essen-West"]
[BlackTeam "Wiesbadener SV 1885"]

1. e4 e6 2. d3 d5 3. Nd2 Nc6 4. Ngf3 e5 5. Be2 Be6 6. O-O f6 7. Nh4 Qd7 8. exd5
Qxd5 9. Nc4 Bc5 10. Bg4 O-O-O 11. Nf5 Qd7 12. Nfe3 f5 13. Be2 f4 14. Ng4 Bxc4
15. dxc4 Qxd1 16. Bxd1 h5 17. Nxe5 Nxe5 18. Bxf4 Nxc4 19. b3 Nb6 20. c4 Nf6 21.
a3 Ne4 22. Bc2 Rhe8 23. Be3 Bxe3 24. fxe3 Nf6 25. Rfe1 Re5 26. Re2 a5 27. h3 a4
28. Rc1 axb3 29. Bxb3 Rd3 30. c5 Rxb3 31. cxb6 Rxb6 32. Rec2 c6 33. Rc3 Rb2 34.
Re1 Kc7 35. Rd3 Rd5 36. Rxd5 cxd5 37. Rc1+ Kb6 38. Rc3 Ne4 39. Rd3 Kc5 40. h4
b5 41. Kh2 Rc2 42. Rd1 Rc3 43. Rf1 Rxe3 44. Rf7 d4 0-1

[Event "Sparkassen-Open A"]
[Site "Heusenstamm, Martinsee"]
[Date "2022.11.18"]
[Round "3.60"]
[White "Rotermund, Verena"]
[Black "Kürschner, Matthias"]
[Result "0-1"]
[WhiteElo "1585"]
[BlackElo "1990"]
[PlyCount "104"]
[EventDate "2022.??.??"]
[WhiteTeam "Vorw.Orient Mainz"]
[BlackTeam "SK Langen"]

1. e4 c5 2. Nc3 e6 3. f4 d5 4. exd5 exd5 5. Nf3 Nf6 6. Bb5+ Bd7 7. Bxd7+ Nbxd7
8. O-O Be7 9. d4 c4 10. Ne5 Bb4 11. Qf3 Nb6 12. a4 a6 13. Be3 Rc8 14. Qg3 Kf8
15. Qh3 Kg8 16. a5 Na8 17. Ne2 Ne4 18. c3 Bf8 19. Ng3 Nxg3 20. hxg3 Rc7 21. f5
f6 22. Ng4 Rf7 23. Rae1 Qxa5 24. Bc1 Qd8 25. Re2 Nc7 26. Rfe1 Re7 27. Rxe7 Bxe7
28. Qh5 Kf8 29. Bd2 Bd6 30. Qh4 Be7 31. Nf2 Ke8 32. Nh3 Kd7 33. Nf4 Kc8 34. Qg4
Rg8 35. Qe2 Bd6 36. Ne6 Qd7 37. Qf3 Re8 38. Nxc7 Rxe1+ 39. Bxe1 Bxc7 40. g4 h6
41. g3 b5 42. Kg2 Kb7 43. Bd2 a5 44. Qe2 Kc6 45. Qd1 Qe7 46. Qf3 Qe4 47. Qxe4
dxe4 48. Be1 Kd5 49. Kf2 Bb6 50. Ke2 Bc7 51. Ke3 Bd6 52. Bd2 Bxg3 0-1

[Event "Sparkassen-Open A"]
[Site "Heusenstamm, Martinsee"]
[Date "2022.11.18"]
[Round "3.61"]
[White "Martin, Reiner"]
[Black "Burg, Samuel"]
[Result "1-0"]
[WhiteElo "1996"]
[BlackElo "1676"]
[PlyCount "65"]
[EventDate "2022.??.??"]
[WhiteTeam "SC Bad Soden"]
[BlackTeam "Spvgg Böblingen"]

1. d4 Nf6 2. c4 g6 3. f3 d5 4. cxd5 Nxd5 5. e4 Nb6 6. Nc3 Bg7 7. Be3 e5 8. d5
c6 9. Qd2 cxd5 10. exd5 N8d7 11. O-O-O O-O 12. g4 Nf6 13. h4 Bd7 14. h5 Rc8 15.
Kb1 e4 16. Bh6 e3 17. Qxe3 Rxc3 18. bxc3 Nfxd5 19. Qd2 Nxc3+ 20. Kc1 Nxa2+ 21.
Kb1 Nc3+ 22. Kc1 Nxd1 23. Bxg7 Qc7+ 24. Kxd1 Re8 25. Be2 Ba4+ 26. Ke1 Nc4 27.
Qd4 Re3 28. Kf2 Rxe2+ 29. Nxe2 b5 30. hxg6 fxg6 31. Bf6 Qb6 32. Qxb6 Nxb6 33.
Bd4 1-0

[Event "Sparkassen-Open A"]
[Site "Heusenstamm, Martinsee"]
[Date "2022.11.18"]
[Round "3.64"]
[White "Burkhardt, Holger"]
[Black "Griesfeller, Sven"]
[Result "1/2-1/2"]
[WhiteElo "1979"]
[BlackElo "1534"]
[PlyCount "40"]
[EventDate "2022.??.??"]
[WhiteTeam "SK 1858 Gießen"]
[BlackTeam "SD Büdingen-Wächtersbach"]

1. e4 e5 2. Nf3 Nc6 3. Nc3 Nf6 4. Bb5 Bc5 5. O-O d6 6. d4 exd4 7. Nxd4 Bd7 8.
Nf5 O-O 9. Bg5 Ne5 10. Bxd7 Nexd7 11. Nd5 Re8 12. b4 Bb6 13. Qd3 c6 14. Nxf6+
Nxf6 15. Nxd6 Re6 16. Rad1 Rxd6 17. Qxd6 Qxd6 18. Rxd6 Nxe4 19. Rd7 Nxg5 20.
Re1 Ne6 1/2-1/2

[Event "Sparkassen-Open A"]
[Site "Heusenstamm, Martinsee"]
[Date "2022.11.18"]
[Round "3.65"]
[White "Leck, Gerrit"]
[Black "Jung, Maximilian"]
[Result "1-0"]
[WhiteElo "2029"]
[BlackElo "1820"]
[PlyCount "103"]
[EventDate "2022.??.??"]
[WhiteTeam "SV Lahn Limburg"]
[BlackTeam "TSV Schott Mainz"]

1. e4 e5 2. Nf3 Nc6 3. d4 exd4 4. Nxd4 Bc5 5. Be3 Qf6 6. c3 Nge7 7. Bc4 O-O 8.
O-O Bb6 9. f4 d6 10. Qd2 Rd8 11. f5 h6 12. Nc2 Ne5 13. Bb3 Bd7 14. Bxb6 axb6
15. c4 b5 16. Ne3 bxc4 17. Nxc4 Nxc4 18. Bxc4 Qe5 19. Bb3 Qf6 20. Nc3 Bc6 21.
Rad1 Re8 22. Qf4 Qe5 23. Qg4 Qf6 24. Rd3 b5 25. Rg3 Rab8 26. Qh5 b4 27. Rg6
Qd4+ 28. Kh1 Nxg6 29. fxg6 Kh8 30. gxf7 Rf8 31. Ne2 Qxe4 32. Nf4 Kh7 33. Rc1
Qxf4 34. Re1 Qg5 35. Qe2 Rbd8 36. Qc2+ Kh8 37. Qxc6 Qc5 38. Qe4 d5 39. Qf5 Qd6
40. Re6 Qc5 41. Bc2 Qxc2 42. Qxc2 Rxf7 43. h3 d4 44. Qg6 Rff8 45. Re7 Rg8 46.
Re2 c5 47. b3 Rgf8 48. Kg1 Rc8 49. Re7 Rg8 50. Rd7 Ra8 51. Qc2 Rac8 52. Rd5 1-0

[Event "Sparkassen-Open A"]
[Site "Heusenstamm, Martinsee"]
[Date "2022.11.18"]
[Round "3.66"]
[White "Lutze, Max"]
[Black "Waffenschmidt, Joachim"]
[Result "1-0"]
[WhiteElo "1787"]
[BlackElo "2015"]
[PlyCount "43"]
[EventDate "2022.??.??"]
[WhiteTeam "MS Halver-Schalksmühle"]
[BlackTeam "SV 1920 Hofheim"]

1. Nf3 d5 2. c4 c6 3. g3 Nf6 4. Bg2 dxc4 5. O-O Nbd7 6. Qc2 Nb6 7. Na3 Be6 8.
Rd1 g6 9. d3 cxd3 10. Rxd3 Qc8 11. Ng5 Bg7 12. Nxe6 Qxe6 13. Re3 Qf5 14. Qb3 e5
15. Rf3 Qc8 16. Bg5 Nbd7 17. Bh3 Nc5 18. Bxc8 Nxb3 19. axb3 Ne4 20. Bxb7 Nxg5
21. Bxa8 Nxf3+ 22. exf3 1-0

[Event "Sparkassen-Open A"]
[Site "Heusenstamm, Martinsee"]
[Date "2022.11.18"]
[Round "3.67"]
[White "Gebhardt, Ulrich"]
[Black "Hilbenz, Guntram"]
[Result "1-0"]
[WhiteElo "2006"]
[BlackElo "1829"]
[PlyCount "47"]
[EventDate "2022.??.??"]
[WhiteTeam "SK Ettlingen"]
[BlackTeam "SC Bad Nauheim"]

1. d4 d5 2. c4 c6 3. Nf3 Nf6 4. Nc3 a6 5. e3 Bf5 6. cxd5 cxd5 7. Qb3 Ra7 8. Bd2
Nc6 9. Rc1 e6 10. Be2 h6 11. O-O Be7 12. a3 O-O 13. Qa2 Qa8 14. Na4 b5 15. Nc5
Ne4 16. Rfd1 Nxd2 17. Rxd2 g5 18. Bd3 Bxd3 19. Rxd3 Bf6 20. b3 Rc8 21. Rdc3 Ne7
22. Qc2 Rac7 23. Qd3 Kg7 24. Nxe6+ 1-0

[Event "Sparkassen-Open A"]
[Site "Heusenstamm, Martinsee"]
[Date "2022.11.18"]
[Round "3.68"]
[White "Akhmatovski, Maxim"]
[Black "Mehlen, Theodor"]
[Result "1-0"]
[WhiteElo "1934"]
[BlackElo "1827"]
[PlyCount "59"]
[EventDate "2022.??.??"]
[WhiteTeam "SV Oberursel"]
[BlackTeam "SC Matt im Park Ffm"]

1. d4 d5 2. Nc3 Nf6 3. Bf4 c5 4. e3 e6 5. Nf3 Bd6 6. Ne5 O-O 7. Qf3 Nc6 8.
O-O-O cxd4 9. exd4 a6 10. g4 Qc7 11. Qg3 Nd7 12. Ng6 Bxf4+ 13. Nxf4 b5 14. Bd3
g6 15. Nce2 Qa5 16. Kb1 Nb4 17. Nc1 Bb7 18. c3 Nxd3 19. Ncxd3 Rac8 20. h4 Qc7
21. Rde1 a5 22. g5 Ba6 23. h5 b4 24. Qh3 Bxd3+ 25. Nxd3 Nb6 26. hxg6 fxg6 27.
Qxe6+ Kh8 28. Ne5 Kg7 29. Rxh7+ Kxh7 30. Qxg6+ 1-0

[Event "Sparkassen-Open A"]
[Site "Heusenstamm, Martinsee"]
[Date "2022.11.18"]
[Round "3.69"]
[White "Nagel, Matthias"]
[Black "Benninger, Rudolf"]
[Result "1/2-1/2"]
[WhiteElo "1763"]
[BlackElo "1978"]
[Annotator "Schloessner,Henrik"]
[PlyCount "54"]
[EventDate "2022.??.??"]
[WhiteTeam "SV 1920 Kelsterbach"]
[BlackTeam "SC Heusenstamm"]

1. d4 g6 2. Nc3 Bg7 3. e4 c6 4. h4 d5 5. exd5 cxd5 6. h5 Nc6 7. Bb5 Nh6 8. Nge2
a6 9. Bxc6+ bxc6 10. Na4 Nf5 11. c3 Nd6 12. Nc5 O-O 13. Bf4 Re8 14. Nd3 f6 15.
hxg6 hxg6 16. Qc2 e5 17. dxe5 fxe5 18. Bh6 Bxh6 19. Rxh6 Qg5 20. Rh2 Bf5 21.
Qd2 Qxd2+ 22. Kxd2 Nc4+ 23. Kc2 Nxb2 24. Kxb2 Bxd3 25. Ng3 Rab8+ 26. Ka3 Rb1
27. Rxb1 Bxb1 {Auf beiden Partieformularen folgt nun der regelwidrige Zug
Sg3-e1. Der weitere Partieverlauf lässt darauf schließen dass der Springer
tatsächlich nach e1 gezogen ist. ½-½ (62)} 1/2-1/2

[Event "Sparkassen-Open A"]
[Site "Heusenstamm, Martinsee"]
[Date "2022.11.18"]
[Round "3.70"]
[White "von Wahden, Jens"]
[Black "Voss, Georg"]
[Result "1/2-1/2"]
[WhiteElo "1684"]
[BlackElo "1947"]
[PlyCount "112"]
[EventDate "2022.??.??"]
[WhiteTeam "SV Oberursel"]
[BlackTeam "SV Meschede"]

1. d4 d5 2. c4 c6 3. Nc3 e6 4. Nf3 Bd6 5. e4 dxc4 6. Bxc4 b5 7. Bd3 Ne7 8. O-O
a6 9. e5 Bc7 10. Bg5 h6 11. Bxe7 Qxe7 12. Ne4 a5 13. Rc1 Bb7 14. Qe2 Ba6 15.
Nc5 a4 16. a3 h5 17. h4 Bc8 18. Rfe1 Ra7 19. g3 Qd8 20. Be4 Ba5 21. Red1 Qb6
22. Ng5 Re7 23. Qf3 Rh6 24. Bb1 Qd8 25. Nge4 Bc7 26. Ng5 Kf8 27. Nh3 Kg8 28.
Nf4 g6 29. Nh3 Qf8 30. Ng5 Bd8 31. Nge4 Rc7 32. Nd6 Be7 33. Nde4 Kg7 34. Qf4
Qd8 35. Ba2 Rh8 36. Rd3 Rf8 37. Rcd1 Na6 38. Nxa6 Bxa6 39. Nc5 Qc8 40. Qf3 b4
41. R3d2 b3 42. Bb1 Bb5 43. Be4 f5 44. Bd3 Bxd3 45. Qxd3 Bxc5 46. dxc5 f4 47.
Qc4 fxg3 48. fxg3 Rcf7 49. Qxa4 Rf3 50. Rd7+ R8f7 51. Rxf7+ Rxf7 52. Qxb3 Qf8
53. Qxe6 Qxc5+ 54. Kh1 Qf2 55. Rd7 Qf1+ 56. Kh2 Qf2+ 1/2-1/2

[Event "Sparkassen-Open A"]
[Site "Heusenstamm, Martinsee"]
[Date "2022.11.18"]
[Round "3.71"]
[White "Fanin, Erik"]
[Black "Markosyan, Aleksandr"]
[Result "0-1"]
[WhiteElo "1850"]
[BlackElo "1805"]
[PlyCount "94"]
[EventDate "2022.??.??"]
[WhiteTeam "SK König Tegel 1949"]
[BlackTeam "SG Idstein"]

1. e4 c5 2. Nc3 g6 3. g3 Bg7 4. Bg2 Nc6 5. d3 e5 6. Nd5 Nge7 7. Bg5 h6 8. Be3
d6 9. Qd2 Nxd5 10. exd5 Nd4 11. c3 Nf5 12. Ne2 Nxe3 13. Qxe3 O-O 14. O-O f5 15.
f4 Re8 16. Qf2 e4 17. Nc1 b5 18. Qc2 e3 19. Ne2 Rb8 20. Rfe1 a5 21. Rad1 Ba6
22. Kh1 Qb6 23. Nc1 c4 24. dxc4 bxc4 25. Re2 Qc5 26. Bf3 Bc8 27. Rg1 g5 28. g4
Rf8 29. fxg5 hxg5 30. gxf5 Bxf5 31. Be4 Bh3 32. Rxg5 Rf1+ 33. Rg1 Rbf8 34. Re1
Rxe1 35. Rxe1 Rf2 36. Ne2 Qc8 37. Qc1 Bh6 38. Rg1+ Kh8 39. Ng3 Qf8 40. Qd1 Qg7
41. Qh5 Bg4 42. Qh4 Qg5 43. Nf5 Rxf5 44. Rxg4 Rf1+ 45. Kg2 Qxh4 46. Rxh4 e2 47.
Rxh6+ Kg7 0-1

[Event "Sparkassen-Open A"]
[Site "Heusenstamm, Martinsee"]
[Date "2022.11.18"]
[Round "3.72"]
[White "Zimmer, Gerald"]
[Black "Fröhlich-Dill, Astrid"]
[Result "1/2-1/2"]
[WhiteElo "1922"]
[BlackElo "1799"]
[PlyCount "55"]
[EventDate "2022.??.??"]
[WhiteTeam "SC Bergen-Enkheim 1922"]
[BlackTeam "SV 1920 Hofheim"]

1. d4 Nf6 2. Nf3 e6 3. Bf4 d5 4. e3 c5 5. c3 Nc6 6. Bd3 Bd7 7. h3 cxd4 8. exd4
Qb6 9. Qb3 Na5 10. Qxb6 axb6 11. Nbd2 b5 12. O-O Nc4 13. Nxc4 bxc4 14. Bc2 Be7
15. Ne5 O-O 16. Bg5 Bb5 17. Rfe1 Ra7 18. f4 h6 19. Bh4 Rfa8 20. a3 Bd6 21. f5
exf5 22. Bxf5 g5 23. Bf2 b6 24. g4 Re7 25. Bg3 Ne4 26. Bxe4 dxe4 27. a4 Bxe5
28. dxe5 1/2-1/2

[Event "Sparkassen-Open A"]
[Site "Heusenstamm, Martinsee"]
[Date "2022.11.18"]
[Round "3.73"]
[White "Trumpp, Lothar"]
[Black "John, Volkmar"]
[Result "1-0"]
[WhiteElo "1915"]
[BlackElo "1642"]
[PlyCount "167"]
[EventDate "2022.??.??"]
[WhiteTeam "VSG 1880 Offenbach"]
[BlackTeam "SK Herborn 1946"]

1. b3 e5 2. Bb2 Nc6 3. e3 Nf6 4. Bb5 d6 5. Ne2 Bd7 6. Ng3 a6 7. Be2 g6 8. c4
Bg7 9. Nc3 Be6 10. Bf3 Qd7 11. d3 O-O 12. O-O d5 13. Qe2 Rad8 14. Rfd1 Qc8 15.
Rac1 Rfe8 16. Na4 Bg4 17. Bxg4 Nxg4 18. Nc5 h5 19. cxd5 Rxd5 20. a3 f5 21. Nxa6
Rd6 22. Nc5 b6 23. Na4 Qd7 24. Nc3 Nd4 25. exd4 exd4 26. Nce4 h4 27. Qc2 hxg3
28. Nxg3 c5 29. h3 Nf6 30. Re1 Rde6 31. Rxe6 Rxe6 32. Qd2 Qe8 33. Kf1 Nd5 34.
Rd1 Kf7 35. Bc1 Nc3 36. Re1 Rxe1+ 37. Qxe1 Qb5 38. Qd2 Qxb3 39. Kg1 Qd1+ 40.
Qxd1 Nxd1 41. Kf1 Nc3 42. Ke1 Ke6 43. Nf1 Kd5 44. f4 Bf8 45. Nd2 b5 46. Nf3 c4
47. Nh4 Na2 48. dxc4+ bxc4 49. Nxg6 Nxc1 50. Nxf8 Nd3+ 51. Kd2 Nxf4 52. h4 c3+
53. Kc2 Kc4 54. Nd7 d3+ 55. Kd1 c2+ 56. Kd2 Ne2 57. Ne5+ Kb3 58. Nxd3 Nd4 59.
h5 Ne6 60. Ne1 c1=Q+ 61. Kxc1 Kxa3 62. Kd2 Kb3 63. h6 Nf8 64. Nf3 Kc4 65. Ke3
Kd5 66. Kf4 Ke6 67. Nd4+ Kf6 68. Nxf5 Kg6 69. g4 Ne6+ 70. Ke5 Ng5 71. Kd6 Kf6
72. Kd7 Kf7 73. Nh4 Nh7 74. Kd6 Kf6 75. Kd5 Kg5 76. Nf5 Kxg4 77. Ke6 Kh5 78.
Kf7 Ng5+ 79. Kf6 Nh7+ 80. Kg7 Ng5 81. Ng3+ Kg4 82. Ne4 Ne6+ 83. Kf7 Nd8+ 84.
Kf6 1-0

[Event "Sparkassen-Open A"]
[Site "Heusenstamm, Martinsee"]
[Date "2022.11.18"]
[Round "3.74"]
[White "Rohatgi, Kushagra"]
[Black "Buchinger, Alexis"]
[Result "0-1"]
[WhiteElo "1490"]
[BlackElo "1774"]
[PlyCount "106"]
[EventDate "2022.??.??"]
[WhiteTeam "TuS Makkabi Ffm"]
[BlackTeam "SF Neuberg"]

1. e4 e5 2. Nf3 Nc6 3. Bc4 Bc5 4. b4 Bxb4 5. c3 Ba5 6. d4 exd4 7. Qb3 Qe7 8.
O-O Bb6 9. Nbd2 d6 10. Ba3 Be6 11. Bxe6 Qxe6 12. cxd4 Qxb3 13. Nxb3 Nge7 14.
Rfe1 O-O 15. e5 Rad8 16. Rad1 Nd5 17. Ng5 Nc3 18. Rd3 Nb5 19. Bb2 dxe5 20. d5
Nb4 21. Rd2 Rxd5 22. Rxd5 Nxd5 23. Rxe5 c6 24. Re1 f6 25. Nf3 Kf7 26. Nbd4 Nxd4
27. Nxd4 Bxd4 28. Bxd4 b6 29. h3 Re8 30. Rxe8 Kxe8 31. Kf1 Kd7 32. Ke2 c5 33.
Bb2 Kc6 34. a4 a6 35. g3 b5 36. axb5+ axb5 37. Kd3 b4 38. f4 Kb5 39. f5 c4+ 40.
Kc2 Ne3+ 41. Kb1 c3 42. Bc1 Nxf5 43. g4 Nd4 44. Be3 Kc4 45. Kc1 Ne2+ 46. Kb1 g5
47. Bf2 b3 48. Be3 Kd3 49. Bf2 c2+ 50. Kb2 c1=Q+ 51. Kxb3 Qb1+ 52. Ka3 Kc4 53.
Ka4 Qa1# 0-1

[Event "Sparkassen-Open A"]
[Site "Heusenstamm, Martinsee"]
[Date "2022.11.18"]
[Round "3.75"]
[White "Schellenberger, Dirk"]
[Black "Schunke, Oliver"]
[Result "1-0"]
[WhiteElo "1799"]
[BlackElo "1786"]
[PlyCount "87"]
[EventDate "2022.??.??"]
[WhiteTeam "SC Aschaffenburg"]
[BlackTeam "VfB 07 Lettin"]

1. e3 Nf6 2. Nf3 d5 3. c4 c6 4. Nc3 g6 5. cxd5 cxd5 6. Be2 Bg7 7. O-O O-O 8. d4
Nc6 9. a3 Bf5 10. b4 Ne4 11. Bb2 Nxc3 12. Bxc3 Re8 13. b5 Nb8 14. Qb3 Bf6 15.
Rfc1 g5 16. a4 g4 17. Ne5 h5 18. Bb4 Be6 19. Nd3 Bg5 20. Nc5 b6 21. Nxe6 fxe6
22. Qd3 Kg7 23. h3 Nd7 24. hxg4 hxg4 25. Bxg4 Rh8 26. Rc6 Rh4 27. Rxe6 Nf8 28.
g3 Rxg4 29. Qf5 Rxg3+ 30. fxg3 Nxe6 31. Qxe6 Qg8 32. Qg4 Kf7 33. Qh5+ Qg6 34.
Rf1+ Kg7 35. Qxg6+ Kxg6 36. Bd2 Rc8 37. Kf2 Rf8+ 38. Ke2 Rxf1 39. Kxf1 Kf5 40.
e4+ dxe4 41. Bxg5 Kxg5 42. Kf2 Kg4 43. Ke3 Kxg3 44. d5 1-0

[Event "Sparkassen-Open A"]
[Site "Heusenstamm, Martinsee"]
[Date "2022.11.18"]
[Round "3.76"]
[White "Weyerer, Noah"]
[Black "Mohr, Thomas"]
[Result "1-0"]
[WhiteElo "1605"]
[BlackElo "1886"]
[PlyCount "83"]
[EventDate "2022.??.??"]
[WhiteTeam "SV Oberursel"]
[BlackTeam "SC FK Babenhausen 1994"]

1. c4 f5 2. Nc3 Nf6 3. g3 d6 4. Bg2 c6 5. d3 e5 6. e4 Be7 7. Nge2 O-O 8. O-O
Na6 9. h3 Be6 10. exf5 Bxf5 11. d4 Qc7 12. Be3 Qc8 13. Kh2 Nc7 14. b4 Ne6 15.
Rc1 Qe8 16. d5 Nd8 17. Ng1 a6 18. a4 Nf7 19. g4 Bg6 20. Nge2 Qd7 21. Ng3 Rac8
22. Bf3 h6 23. Kg2 Ng5 24. Bxg5 hxg5 25. Qd2 Ne8 26. Be4 Bxe4+ 27. Ncxe4 Rf4
28. Qd3 Qd8 29. Nf5 Bf6 30. Rfd1 g6 31. Ne3 Be7 32. c5 Kg7 33. dxc6 bxc6 34.
cxd6 Nxd6 35. Nxd6 Rd4 36. Nef5+ gxf5 37. Nxf5+ Kf6 38. Nxd4 exd4 39. Qxd4+
Qxd4 40. Rxd4 Ke5 41. Rcc4 Bd6 42. Rd3 1-0

[Event "Sparkassen-Open A"]
[Site "Heusenstamm, Martinsee"]
[Date "2022.11.18"]
[Round "3.77"]
[White "Schultze, Jörg-Martin"]
[Black "Klein, Levent"]
[Result "1/2-1/2"]
[WhiteElo "1974"]
[BlackElo "1486"]
[PlyCount "46"]
[EventDate "2022.??.??"]
[WhiteTeam "SF Braunfels"]
[BlackTeam "SC Weilerbach"]

1. d4 e6 2. e4 d5 3. exd5 exd5 4. Bd3 Be7 5. Nf3 Nf6 6. O-O Bg4 7. c4 dxc4 8.
Bxc4 Nbd7 9. Nc3 O-O 10. Re1 Bd6 11. Bd2 c6 12. h3 Bh5 13. g4 Bg6 14. Ne5 Kh8
15. Bg5 Qc7 16. f4 h6 17. Bh4 Rae8 18. a4 a6 19. a5 c5 20. f5 Bxe5 21. dxe5
Nxe5 22. Bg3 Bh7 23. Qe2 Nfd7 1/2-1/2

[Event "Sparkassen-Open A"]
[Site "Heusenstamm, Martinsee"]
[Date "2022.11.18"]
[Round "3.78"]
[White "Bäumer, Frank"]
[Black "Minor, Dieter"]
[Result "1-0"]
[WhiteElo "1914"]
[BlackElo "1817"]
[PlyCount "57"]
[EventDate "2022.??.??"]
[WhiteTeam "Gambit Gusenburg"]
[BlackTeam "Wiesbadener SV 1885"]

1. e4 e5 2. Nf3 Nc6 3. Bc4 Be7 4. c3 Nf6 5. Qe2 O-O 6. Bb3 d6 7. d3 Bg4 8. h3
Bh5 9. g4 Bg6 10. Nh4 Na5 11. Bc2 d5 12. Nd2 dxe4 13. dxe4 c5 14. Nf5 Bxf5 15.
exf5 Nd7 16. Ne4 f6 17. Be3 Qc7 18. h4 Qc6 19. Rh2 c4 20. b4 cxb3 21. axb3 b6
22. b4 Nc4 23. b5 Qxb5 24. Bd3 Rac8 25. Rxa7 Rfd8 26. Nd2 e4 27. Bxc4+ Rxc4 28.
Qxc4+ Qxc4 29. Nxc4 1-0

[Event "Sparkassen-Open A"]
[Site "Heusenstamm, Martinsee"]
[Date "2022.11.18"]
[Round "3.79"]
[White "Thomas, Tobias"]
[Black "Hinz, André"]
[Result "1/2-1/2"]
[WhiteElo "1939"]
[BlackElo "1668"]
[PlyCount "83"]
[EventDate "2022.??.??"]
[WhiteTeam "SK Langen"]
[BlackTeam "SC Brett vorm Kopp Ffm"]

1. e4 e5 2. Nf3 Nf6 3. Nc3 Nc6 4. d4 exd4 5. Nxd4 Bb4 6. Nxc6 bxc6 7. Bd3 O-O
8. O-O Re8 9. Qf3 d5 10. exd5 Bg4 11. Qg3 cxd5 12. Qh4 Bxc3 13. bxc3 Be2 14.
Bxe2 Rxe2 15. Qd4 Re4 16. Qd3 Qd6 17. g3 Rae8 18. Bg5 c6 19. Rfd1 h6 20. Be3
Qa3 21. c4 Qa4 22. cxd5 Nxd5 23. Qb3 Nxe3 24. fxe3 Qa5 25. Rd3 h5 26. Rf1 Qc7
27. Rf4 h4 28. Kf2 hxg3+ 29. hxg3 R4e6 30. Qc4 Qe7 31. Rf3 Qg5 32. Qf4 Qh5 33.
g4 Qh4+ 34. Qg3 Qe7 35. Qf4 Re4 36. Qg3 Qg5 37. Rf4 g6 38. Qf3 Qh4+ 39. Kg2 Qe7
40. Rxe4 Qxe4 41. Qxe4 Rxe4 42. Kf3 1/2-1/2

[Event "Sparkassen-Open A"]
[Site "Heusenstamm, Martinsee"]
[Date "2022.11.18"]
[Round "3.80"]
[White "Ploder, Udo"]
[Black "Burkhardt, Jan"]
[Result "1/2-1/2"]
[WhiteElo "1879"]
[BlackElo "1619"]
[PlyCount "58"]
[EventDate "2022.??.??"]
[WhiteTeam "SF Braunfels"]
[BlackTeam "Sfr.Mainz 1928"]

1. e4 e5 2. f4 exf4 3. Nf3 d5 4. exd5 Nf6 5. Be2 Nxd5 6. c4 Nf6 7. d4 c5 8.
Bxf4 cxd4 9. Qxd4 Bb4+ 10. Bd2 Bxd2+ 11. Nbxd2 O-O 12. O-O Nc6 13. Qc3 Re8 14.
Rae1 Bf5 15. Kh1 Bg6 16. c5 Nd5 17. Qc1 Ne3 18. Rf2 Ng4 19. Rff1 Ne3 20. Rf2
Ng4 21. Rff1 Bd3 22. Bxd3 Qxd3 23. h3 Ne3 24. Rf2 Nc2 25. Ref1 Re7 26. Nb3 Ne3
27. Re1 Rae8 28. Rd2 Qg6 29. Rde2 Nf5 1/2-1/2